LEADER 01116nam a22002771i 4500 001 991003562189707536 005 20030905132529.0 008 031111s1963 gw |||||||||||||||||ger 035 $ab12443608-39ule_inst 035 $aARCHE-047689$9ExL 040 $aDip.to Lingue$bita$cA.t.i. Arché s.c.r.l. Pandora Sicilia s.r.l. 082 04$a429.5 100 1 $aSievers, Eduard$0192590 245 10$aAbriss der altenglischen (angelsächsischen) Grammatik /$cvon Eduard Sievers 250 $a16. durchgesehene Aufl. /$bvon Karl Brunner 260 $aTübingen :$bM. Niemeyer,$c1963 300 $aVII, 90 p. ;$c22 cm 440 0$aSammlung kurzer Grammatiken germanischer Dialekte.$nC Abrisse ;$v2 650 4$aLingua inglese antica$xGrammatica 700 1 $aBrunner, Karl 907 $a.b12443608$b02-04-14$c13-11-03 912 $a991003562189707536 945 $aLE012 F.G. 1017$g1$i2012000065925$lle012$o-$pE0.00$q-$rl$s- $t0$u0$v0$w0$x0$y.i12869983$z13-11-03 996 $aAbriss der altenglischen (angelsächsischen) Grammatik$9179731 997 $aUNISALENTO 998 $ale012$b13-11-03$cm$da $e-$fger$ggw $h0$i1 LEADER 03425nam 2200661 450 001 9910798646903321 005 20230125223149.0 010 $a1-63157-215-6 035 $a(CKB)3710000000861760 035 $a(BEP)4690656 035 $a(OCoLC)959032804 035 $a(CaBNVSL)swl00407171 035 $a(Au-PeEL)EBL4690656 035 $a(CaPaEBR)ebr11267625 035 $a(CaONFJC)MIL955253 035 $a(OCoLC)959150193 035 $a(CaSebORM)9781631572159 035 $a(MiAaPQ)EBC4690656 035 $a(EXLCZ)993710000000861760 100 $a20170303d2017 fy 0 101 0 $aeng 135 $aurcnu|||||||| 181 $2rdacontent 182 $2rdamedia 183 $2rdacarrier 200 10$aAttributes of project-friendly enterprises /$fVittal S. Anantatmula and Parviz F. Rad 205 $aFirst edition. 210 1$aNew York, New York (222 East 46th Street, New York, NY 10017) :$cBusiness Expert Press,$d2017. 215 $a1 online resource (xii, 188 pages) $cillustrations 225 1 $aPortfolio and project management collection,$x2156-8200 311 $a1-63157-214-8 320 $aIncludes bibliographical references (pages 183-185) and index. 327 $a1. Introduction -- 2. Project attributes -- 3. Proposal attributes -- 4. Portfolio attributes -- 5. Team attributes -- 6. Enterprise attributes -- Appendix -- Bibliography -- Index. 330 3 $aThe objective of any organization is to create value for its stockholders. Given that sophistication in project management will lead to efficiency in operations, which in turn leads to better profits, enlightened enterprises are sensitive to project management sophistication and the definitive way of measuring it and improving it. Although in many organizations, projects are initiated in isolation of each other, and based on ad hoc urgencies, sophisticated enterprises have a formalized, logical, and consistent, structure for organizing, and managing, their projects. Project management sophistication is the state of enterprise practices in which success of projects is predictable and that the definitive measure of project management success continually improves with time. Conducting a full assessment of the organizational project management sophistication is relatively time consuming and costly. Thus, many organizations have a need and desire for instruments that would provide a rough estimate of the project management maturity of the organization without a major expenditure of funds. This book includes instruments that should help in that regard. 410 0$aPortfolio and project management collection.$x2156-8200 606 $aProject management 610 $aattributes 610 $aportfolios 610 $aprojects 610 $aproject management 610 $aproject management maturity 610 $aproject management sophistication 610 $aproject teams 610 $aproject-friendly organizations and enterprises 610 $aproposals 610 $asophistication 610 $avital signs 615 0$aProject management. 676 $a658.404 700 $aAnantatmula$b Vittal S.$f1955-,$01472881 702 $aRad$b Parviz F.$f1942-, 801 0$bMiAaPQ 801 1$bMiAaPQ 801 2$bMiAaPQ 906 $aBOOK 912 $a9910798646903321 996 $aAttributes of project-friendly enterprises$93704969 997 $aUNINA LEADER 01116nam0 22002771i 450 001 UON00146658 005 20231205102904.6 010 $a84-8198-372-1 100 $a20020107d2001 |0itac50 ba 101 $aspa 102 $aCH 105 $a|||| ||||| 200 1 $aGuinea Ecuatorial$eBibliografia general XII$ereferencias 31947-37000 (y recapitulacion de ls referencias 17379-31946)$fMax Liniger-Goumaz 210 $aGenève$cLes Editions du Temps$d2001 215 $a423 p.$d20 cm 606 $aGUINEA EQUATORIALE$xBibliografia$3UONC023744$2FI 620 $aCH$dGenève$3UONL003003 676 $a016.96718$cBIBLIOGRAFIA DELLA GUINEA EQUATORIALE$v21 700 1$aLINIGER-GOUMAZ$bMax$3UONV048491$0243927 712 $aEditions du temps$3UONV257832$4650 801 $aIT$bSOL$c20240220$gRICA 899 $aSIBA - SISTEMA BIBLIOTECARIO DI ATENEO$2UONSI 912 $aUON00146658 950 $aSIBA - SISTEMA BIBLIOTECARIO DI ATENEO$dSI AFR ST Bibl 105/12 $eSI AA 24461 5 105/12 996 $aGuinea Ecuatorial$91238746 997 $aUNIOR